000 00802cam a2200253 4500
001 J1662
008 090401t1993 xxu||||| |||| 00| 0 eng d
035 _a(Sirsi) u44732
041 _aeng
050 _a333.72
110 _aConstruction Industry Research and Information Association
_94810
245 _aEnvironmental issues in construction: a review of issues and initiatives relevant to the building, construction and related industries. Volume 3: bibliography.
260 _aLondon
_bCIRIA
_c1993
300 _a134p. ; 30cm.
350 _a10
490 _aCIRIA Project Report
_v9
650 _aBIBLIOGRAPHIES
650 _aBUILDING INDUSTRY
650 _aEnvironment
_96238
650 _aRESEARCH
690 _aENVIRONMENTAL AND LAND CONSULTANCY
942 _n0
948 _c04/03/1997
999 _c91585
_d91585